000 01848nam a2200265Ia 4500
005 20151103130658.0
008 130821s1872 sp fr 1 mulsd
040 _aCo-BoUCM
_bspa
_cSandra Yazo
_dSandra Yazo
041 0 _aspa
_alat
082 0 4 _a475
_220
092 _aE21N044
100 1 _aHidalgo, Francisco de P.
_973099
245 1 0 _aGramática latina, y método para aprenderla
_cpor Francisco de P. Hidalgo
250 _aSegunda edición
260 _aCádiz (España
_bVerdugo y C.a, editores
_c1872
300 _axxxix, 292 ; 55 páginas
_c21 x 15 cm.
500 _aDetalles físicos: Encuadernación rígida (holandesa) en cartón forrado en papel. Lomo en cuero. Guardas. Hoja de cortesía. Portada impresa en una sola tinta. Notas al pie de página. Texto en una sola columna. Papel manchado. V.1 lomo con adornos en dorado. V.2 indica en la portada: Claves de los temas
505 0 _aV.1: Pronunciación -- Declinaciones: Del nombre y del adjetivo ; Formación del plural ; Adjetivos numerales ; Adjetivos demostrativos ; Adjetivos determinativos ; Adjetivo determinativos ; Adjetivo conjuntivo o relativo ; Adjetivo interrogativo ; Pronombres personales -- Conjugaciones: Verbo sustantivo y auxiliar ; Compuestos de Esse ; Comparativos y superlativos ; Verbos pasivos ; Verbos disponentes ; Supino ; Participios ; Gerundios ; Tiempos de infinitivo ; Verbos irregulares ; Verbos defectivos ; Verbos impersonales ; Preposiciones ; Interrogación ; Negación ; Conjunciones ; Reglas generales de composición -- Suplemento -- V.2 Claves de los temas, lección 1-242
506 _aConsulta en sala
546 _aTexto en español y latín
650 7 _aGramática latina
_xLatín
_916521
650 7 _aLatín
_xEnseñanza
_918289
690 _942920
_aTeoría lingüística
942 _cLIBRO
_a12
_e2
_2LOCAL
_hE21N044
999 _c37808
_d37808